000 00619nam a2200241Ia 4500
003 OSt
005 20221005065802.0
006 a|||||r|||| 00| 0
007 ta
008 221004b |||||||| |||| 00| 0 eng d
024 _a57252
037 _cTextual
040 _aCRL
_cCRL
_beng
041 _2eng
_aeng
082 _aXM2v, M3
100 _aNeznanov V
_9604985
245 0 _aTransition from capitalism to socialism
260 _aMoscow
_bProgress Publishers
_c1983
300 _a173p.
_ccm.
650 _aECONOMICS
942 _hXM2v, M3
_cTEXL
_2cc
999 _c975192
_d975192